00930 2200325 4500001002100000005001500021007000300036008004100039020002200080035002000102040001700122041000800139082001000147084001600157090002200173100002700195245006600222250001200288264004500300300003100345336002100376337003000397338002300427500003900450504002600489650002200515700003500537850001000572990002200582INLIS00000000000875220260518102915ta260518 0  a978-602-9108-00-2 a0010-1022000127 aSBPUPADbind0 aind a959.8 a959.8 AST i a959.8 AST i 25-140 aAstri NoviaePengarang1 aIndonesia yang menakjubkan /cAstri Novia;editor, Puspitasari a.-cet.1 a.--Bandung :bMedia Sarana Cerdas,c2011 av,58 hlm. :bilus ;c21 cm 2rdacontentateks 2rdamediaatanpa perantara 2rdacarrieravolume aIndeks, hlm 58 ,glosarium, hlm, 56 aBibliografi, hlm 53 4aSejarah Indonesia0 aEditor, PuspitasariePengarang aPUPAD a018/KAPD-Pdg/2012